01100nam a2200217Ia 4500003000900000008004100009020002200050040001600072080002900088111015900117245023900276260005000515300002300565650003700588650003800625700003800663700003200701942000700733999001700740952012500757IN-BaIIA211028s9999 xx 000 0 eng d a978-0-7354-0449-6 cIIA Library a535.338.3:52(082.1)bSPE aAnnual International Astrophysics Conference on Turbulence and nonlinear Processes in Astrophysical Plasmasn6thcSremski Karlovcid2007 June 11-15932661 0aSpectral line shapes in Astrophysicsbproceedings of the VI Serbian Conference on spectral line shapes in Astrophysics (VI SCSLSA) , held in Sremski Karlovci, Serbia, 11 - 15 June 2007cedited by Luka Popovic and Milan S. Dimitrijevic aMelvillebAmerican Institute of Physicsc2007 a[various pagings.] aAstrophysics - congresses912189 aSpectral line - congresses932662 aDimitrijevic, Milan S. ed.932663 aPopovic , Luka., ed.932664 cBK c17330d17330 00104070aBANbBANcGENd2009-06-01eSSB l0o535.338.3:52(082.1)/ SPEp18252r2021-11-05w2009-06-01yBKG£ 9.99